Новый кондуктометрический способ определения магния в присутствии щелочей; Известия Томского индустриального института [Известия ТИИ]; Т. 55, [Вып. 1-3]

Detalles Bibliográficos
Parent link:Известия Томского индустриального института [Известия ТИИ]/ Томский индустриальный институт (ТИИ).— , 1934-1944
Т. 55, [Вып. 1-3].— 1936.— [С. 295-298]
Autor principal: Калье А. К.
Sumario:Заглавие с титульного листа
Электронная версия печатной публикации
Lenguaje:ruso
Publicado: 1936
Materias:
Acceso en línea:Черно-белая версия для предварительного просмотра
Цветная версия без потери качества
Formato: MixedMaterials Electrónico Capítulo de libro
KOHA link:https://koha.lib.tpu.ru/cgi-bin/koha/opac-detail.pl?biblionumber=182133

MARC

LEADER 00000nla2a2200000 4500
001 182133
005 20231031171221.0
035 |a (RuTPU)RU\TPU\book\197416 
035 |a RU\TPU\book\197415 
090 |a 182133 
100 |a 20100617d1936 k y0rusy50 ca 
101 0 |a rus 
102 |a RU 
135 |a drnn ---uucaa 
181 0 |a i  
182 0 |a b 
200 1 |a Новый кондуктометрический способ определения магния в присутствии щелочей  |b Электронный ресурс  |f А. К. Калье 
203 |a Текст  |c электронный 
215 |a 2 файла (193 Кб, 6.5 Мб) 
230 |a Электронные текстовые данные (2 файла : 193 Кб, 6.5 Мб) 
300 |a Заглавие с титульного листа 
300 |a Электронная версия печатной публикации 
337 |a Adobe Reader 
461 1 |0 (RuTPU)RU\TPU\book\197248  |t Известия Томского индустриального института [Известия ТИИ]  |f Томский индустриальный институт (ТИИ)  |d 1934-1944 
463 1 |0 (RuTPU)RU\TPU\book\197391  |t Т. 55, [Вып. 1-3]  |v [С. 295-298]  |d 1936  |p 404 с. 
610 1 |a электронный ресурс 
610 1 |a труды учёных ТПУ 
700 1 |a Калье  |b А. К. 
801 1 |a RU  |b 63413507  |c 20090320  |g PSBO 
801 2 |a RU  |b 63413507  |c 20101130  |g PSBO 
856 4 |u http://www.lib.tpu.ru/fulltext/v/Bulletin_TPU/1936/v55/a16_bw.pdf  |z Черно-белая версия для предварительного просмотра 
856 4 |u http://www.lib.tpu.ru/fulltext/v/Bulletin_TPU/1936/v55/a16_full.pdf  |z Цветная версия без потери качества 
942 |c CF